Otras Disposiciones Fiscales 2013

Detalles Bibliográficos
Autor principal: Přez Chavez, Jos ̌
Otros Autores: Fol Olguin, Raymundo
Formato: Seriadas
Lenguaje:español
Publicado: Mexico D.F. : Tax Editores, 2013
Materias:
Acceso en línea:http://www.vlex.com/source/11031

MARC

LEADER 00000nas a22000007a 4500
005 20130503110006.0
007 cr|||| ||||
008 130503c2013 mx |||| s|||| 0|||b1spa d
035 |a 11031 
040 |a vLex 
090 |c 4265  |d 4265 
100 1 0 |a Přez Chavez, Jos ̌ 
245 1 0 |a Otras Disposiciones Fiscales 2013  |c / Jos ̌Přez Chavez, Raymundo Fol Olguin   |h [Recurso electrn̤ico] 
256 |a Servicio en ln̕ea 
260 |a Mexico D.F. :  |b Tax Editores,   |c 2013  
300 |a 1 Recurso electrn̤ico 
506 |d vLex Global  |d vLex Global (Academic Edition, excluding Law Schools)  |d vLex Global (U.S. Academic Edition, Law Schools)  |d vLex Global (U.S. Academic Edition, excluding Law Schools)  |d vLex Global (Academic Edition, Law Schools) 
650 0 4 |a Derecho tributario  |z Mx̌ico 
700 1 0 |a Fol Olguin, Raymundo  
740 |a vLex Libros (Servicio en ln̕ea) 
856 |a Acceso restringido  |u http://www.vlex.com/source/11031 
942 |c BOOK 
999 0 |a Taxation